Calidad de la educación: un derecho de la niñez y la adolescencia /

Kaydedildi:
Detaylı Bibliyografya
Yazar: Hernández Rodríguez, Ana Cecilia
Materyal Türü: Metin
Etiketler: Etiketle
Etiket eklenmemiş, İlk siz ekleyin!

MARC

LEADER 00000 a a2200000 04500
001 17377
003
040
100 |a Hernández Rodríguez, Ana Cecilia  
245 |a Calidad de la educación:   |b un derecho de la niñez y la adolescencia /  |c Ana Cecilia Hernández Rodríguez  
773 |g número 4; páginas 197-229  
999 |c 20233  |d 20233